000 01445nam0a22002531 4500
001 rc\1174043
005 20260407104857.0
035 _a(NLR Aleph) 006416843
090 _a5405930
_c5405930
100 _a20041129d1980 |||y0rusy50 ca
101 0 _arus
102 _aRU
105 _aa |||||||||
200 1 _aВопросы механизации и электрификации сельскохозяйственного производства в Калининской области
_e(Сб. науч. тр.)
_fМ-во сел. хоз-ва СССР, Гл. упр. высш. и сред. с.-х. образования, Челяб. ин-т механизации и электрификации сел. хоз-ва, Калинин. с.-х. ин-т
_g[Отв. ред.: к. б .н. Ходырев А.А.]
210 _aЧелябинск
_cЧеляб. ин-т механизации и электрификации сел. хоз-ва
_d1980
215 _a93 с.
_cил., схем., граф.
_d21
320 _aБиблиогр. в конце статей
702 1 _aХодырев
_bА.А.
_gАлександр Александрович
_4340
712 0 2 _aЧелябинский институт механизации и электрификации сельского хозяйства
_3RU\NLR\AUTH\889936002
_9366857
801 0 _aRU
_bNLR
_gpsbo
801 1 _aRU
_bELAR
_2rusmarc
852 _aNLR
_j83-4/17525
942 _cBOOK
980 _aNB